[Event "DEM U10w 2018"]
[Site "Willingen GER"]
[Date "2018.05.21"]
[Round "4"]
[White "Ottlik, Marie"]
[Black "Trunz, Tamila"]
[Result "1-0"]
[Termination "normal"]
[Board "7"]
[WhiteElo "1190"]
[BlackElo "1046"]
[WhiteClock "01:03:44"]
[BlackClock "00:49:00"]
[PlyCount "119"]
[WhiteFideId "16281730"]
[BlackFideId "16267885"]
[EventCountry "GER"]
[EventRounds "11"]
[EventType "swiss"]
[EventDate "2018.05.19"]

1. e4 {[%clk 1:15:58]} 1... e5 {[%clk 1:15:55]} 2. Nf3 {[%clk 1:16:22]} 2...
Nc6 {[%clk 1:16:19]} 3. Bc4 {[%clk 1:16:44]} 3... Bc5 {[%clk 1:16:36]} 4. b4 {
[%clk 1:17:06]} 4... Bxb4 {[%clk 1:16:26]} 5. c3 {[%clk 1:17:27]} 5... Bc5 {
[%clk 1:16:48]} 6. d4 {[%clk 1:17:52]} 6... exd4 {[%clk 1:16:53]} 7. O-O {
[%clk 1:18:10]} 7... dxc3 {[%clk 1:16:46]} 8. Qb3 {[%clk 1:18:12]} 8... Qe7 {
[%clk 1:14:58]} 9. Bg5 {[%clk 1:17:40]} 9... Nf6 {[%clk 1:14:58]} 10. e5 {
[%clk 1:17:03]} 10... Nxe5 {[%clk 1:13:57]} 11. Nxe5 {[%clk 1:17:15]} 11...
Qxe5 {[%clk 1:14:07]} 12. Bxf7+ {[%clk 1:17:35]} 12... Kf8 {[%clk 1:13:49]} 13.
Bh4 {[%clk 1:15:31]} 13... d5 {[%clk 1:13:02]} 14. Bxf6 {[%clk 1:14:52]} 14...
Qxf6 {[%clk 1:12:23]} 15. Bxd5 {[%clk 1:15:07]} 15... c6 {[%clk 1:12:14]} 16.
Bf3 {[%clk 1:14:29]} 16... Bd4 {[%clk 1:10:21]} 17. Qb4+ {[%clk 1:14:19]} 17...
c5 {[%clk 1:09:45]} 18. Qa4 {[%clk 1:12:18]} 18... c2 {[%clk 1:09:10]} 19. Re1
{[%clk 1:11:54]} 19... Be6 {[%clk 1:08:26]} 20. Qxc2 {[%clk 1:06:49]} 20...
Bxa1 {[%clk 1:07:54]} 21. Qxc5+ {[%clk 1:07:10]} 21... Qe7 {[%clk 1:07:30]} 22.
Qxe7+ {[%clk 1:06:58]} 22... Kxe7 {[%clk 1:07:24]} 23. Bd5 {[%clk 1:06:10]}
23... Kd6 {[%clk 1:06:46]} 24. Bxe6 {[%clk 1:06:22]} 24... Rhe8 {[%clk 1:06:48]
} 25. Na3 {[%clk 1:04:26]} 25... Bc3 {[%clk 1:06:37]} 26. Nb5+ {[%clk 1:04:32]}
26... Kc6 {[%clk 1:05:15]} 27. Nxc3 {[%clk 1:03:47]} 27... Rad8 {[%clk 1:05:01]
} 28. Kf1 {[%clk 1:02:40]} 28... Rf8 {[%clk 1:03:24]} 29. Rd1 {[%clk 1:01:55]}
29... Rde8 {[%clk 1:03:30]} 30. Bd7+ {[%clk 1:01:26]} 30... Kc7 {[%clk 1:03:01]
} 31. Bxe8 {[%clk 1:01:19]} 31... Rxe8 {[%clk 1:02:47]} 32. Nb5+ { [%clk
1:01:16]} 32... Kb6 {[%clk 1:03:09]} 33. Nd6 {[%clk 1:01:06]} 33... Rd8 { [%clk
1:03:19]} 34. Nc4+ {[%clk 1:01:24]} 34... Kc7 {[%clk 1:01:50]} 35. Rxd8 { [%clk
1:01:20]} 35... Kxd8 {[%clk 1:02:12]} 36. Ke2 {[%clk 1:01:42]} 36... Ke7 {[%clk
0:59:56]} 37. Ke3 {[%clk 1:01:42]} 37... Ke6 {[%clk 0:58:35]} 38. Ke4 { [%clk
1:01:54]} 38... b5 {[%clk 0:58:27]} 39. Na5 {[%clk 1:01:57]} 39... a6 { [%clk
0:58:07]} 40. a3 {[%clk 1:02:15]} 40... g6 {[%clk 0:57:54]} 41. g4 { [%clk
1:02:07]} 41... h6 {[%clk 0:57:13]} 42. h4 {[%clk 1:01:56]} 42... Kf6 { [%clk
0:55:44]} 43. f4 {[%clk 1:01:35]} 43... g5 {[%clk 0:55:23]} 44. fxg5+ { [%clk
1:01:50]} 44... hxg5 {[%clk 0:55:13]} 45. h5 {[%clk 1:02:03]} 45... Kg7 { [%clk
0:53:39]} 46. Kf5 {[%clk 1:02:19]} 46... Kh6 {[%clk 0:53:51]} 47. Kf6 { [%clk
1:02:32]} 47... Kh7 {[%clk 0:53:44]} 48. Kxg5 {[%clk 1:02:48]} 48... Kg7 {[%clk
0:53:31]} 49. Kf5 {[%clk 1:03:01]} 49... Kh6 {[%clk 0:53:07]} 50. Kf6 { [%clk
1:03:14]} 50... Kh7 {[%clk 0:51:42]} 51. g5 {[%clk 1:02:39]} 51... Kh8 { [%clk
0:51:13]} 52. Kf7 {[%clk 1:02:58]} 52... Kh7 {[%clk 0:51:05]} 53. g6+ { [%clk
1:03:20]} 53... Kh6 54. g7 54... Kxh5 {[%clk 0:50:51]} 55. g8=Q { [%clk
1:01:59]} 55... Kh4 {[%clk 0:50:45]} 56. Kf6 {[%clk 1:02:20]} 56... Kh3 { [%clk
0:50:30]} 57. Kf5 {[%clk 1:02:43]} 57... Kh2 {[%clk 0:49:42]} 58. Kf4 { [%clk
1:03:03]} 58... Kh1 {[%clk 0:49:00]} 59. Kf3 {[%clk 1:03:20]} 59... Kh2 { [%clk
0:49:00]} 60. Qg2# {[%clk 1:03:44]} 1-0

[Event "DEM U10w 2018"]
[Site "Willingen GER"]
[Date "2018.05.21"]
[Round "4"]
[White "Pröttel, Ela"]
[Black "Scheerer, Amelie"]
[Result "1-0"]
[Termination "normal"]
[Board "8"]
[WhiteElo "1125"]
[BlackElo "957"]
[WhiteClock "00:01:28"]
[BlackClock "01:01:49"]
[PlyCount "63"]
[WhiteFideId "44582749"]
[BlackFideId "16275772"]
[EventCountry "GER"]
[EventRounds "11"]
[EventType "swiss"]
[EventDate "2018.05.19"]

1. e4 {[%clk 1:15:49]} 1... e5 {[%clk 1:15:50]} 2. Nf3 {[%clk 1:16:12]} 2...
Nc6 {[%clk 1:16:13]} 3. Bc4 {[%clk 1:16:30]} 3... Bc5 {[%clk 1:16:38]} 4. d3 {
[%clk 1:16:50]} 4... h6 {[%clk 1:16:53]} 5. Nc3 {[%clk 1:16:39]} 5... Nf6 {
[%clk 1:16:49]} 6. Be3 {[%clk 1:16:14]} 6... d6 {[%clk 1:16:24]} 7. h3 { [%clk
1:15:51]} 7... O-O {[%clk 1:15:44]} 8. Qd2 {[%clk 1:14:00]} 8... Be6 { [%clk
1:15:11]} 9. Bb3 {[%clk 1:14:08]} 9... d5 {[%clk 1:15:08]} 10. Bxc5 { [%clk
1:08:33]} 10... Re8 {[%clk 1:14:44]} 11. exd5 {[%clk 1:07:31]} 11... Bxd5
{[%clk 1:14:52]} 12. Bxd5 {[%clk 0:53:18]} 12... Nxd5 {[%clk 1:15:04]} 13. Be3
{[%clk 0:50:59]} 13... Qd7 {[%clk 1:13:43]} 14. O-O {[%clk 0:49:29]} 14... Rad8
{[%clk 1:12:26]} 15. Rfe1 {[%clk 0:42:50]} 15... Nxc3 {[%clk 1:11:47]} 16. Qxc3
{[%clk 0:41:31]} 16... e4 {[%clk 1:11:18]} 17. dxe4 {[%clk 0:41:20]} 17... Rxe4
{[%clk 1:11:36]} 18. Rad1 {[%clk 0:32:56]} 18... Qxd1 {[%clk 1:11:30]} 19. Rxd1
{[%clk 0:32:37]} 19... Rxd1+ {[%clk 1:11:47]} 20. Kh2 {[%clk 0:31:16]} 20... a6
{[%clk 1:08:08]} 21. Qb3 {[%clk 0:19:51]} 21... b5 {[%clk 1:07:11]} 22. Nd2 {
[%clk 0:13:50]} 22... Ra4 {[%clk 1:06:10]} 23. Qd5 {[%clk 0:09:35]} 23... Nb4 {
[%clk 1:05:49]} 24. Qc5 {[%clk 0:01:24]} 24... Rxa2 {[%clk 1:05:39]} 25. Qxb4 {
[%clk 0:01:20]} 25... Raa1 {[%clk 1:05:05]} 26. Qc5 {[%clk 0:01:13]} 26... Rh1+
{[%clk 1:04:48]} 27. Kg3 {[%clk 0:01:22]} 27... g5 {[%clk 1:04:32]} 28. Qxc7 {
[%clk 0:01:24]} 28... Kg7 {[%clk 1:02:23]} 29. Qe5+ {[%clk 0:01:16]} 29... Kg6
{[%clk 1:01:56]} 30. Qd6+ {[%clk 0:01:08]} 30... f6 {[%clk 1:02:02]} 31. Bd4 {
[%clk 0:01:23]} 31... Kh5 {[%clk 1:01:49]} 32. Qd7 {[%clk 0:01:28]} 1-0

[Event "DEM U10w 2018"]
[Site "Willingen GER"]
[Date "2018.05.21"]
[Round "4"]
[White "Praus, Pia-Rosa"]
[Black "Petrosyan, Ani"]
[Result "1-0"]
[Termination "normal"]
[Board "9"]
[WhiteElo "1055"]
[BlackElo "1331"]
[WhiteClock "01:10:58"]
[BlackClock "00:58:23"]
[PlyCount "73"]
[WhiteFideId "16271815"]
[BlackFideId "16248015"]
[EventCountry "GER"]
[EventRounds "11"]
[EventType "swiss"]
[EventDate "2018.05.19"]

1. d4 {[%clk 1:15:57]} 1... c6 {[%clk 1:15:55]} 2. Bf4 {[%clk 1:15:51]} 2... d5
{[%clk 1:16:15]} 3. e3 {[%clk 1:15:30]} 3... Bf5 {[%clk 1:16:31]} 4. c3 { [%clk
1:15:02]} 4... e6 {[%clk 1:15:58]} 5. Bd3 {[%clk 1:14:42]} 5... Bxd3 { [%clk
1:16:18]} 6. Qxd3 {[%clk 1:15:03]} 6... Nf6 {[%clk 1:16:21]} 7. Nf3 { [%clk
1:14:49]} 7... Be7 {[%clk 1:16:21]} 8. Nbd2 {[%clk 1:14:51]} 8... Nbd7 { [%clk
1:16:18]} 9. Ne5 {[%clk 1:13:09]} 9... Nxe5 {[%clk 1:15:53]} 10. Bxe5 { [%clk
1:13:28]} 10... Rc8 {[%clk 1:15:38]} 11. Nf3 {[%clk 1:12:54]} 11... O-O { [%clk
1:15:31]} 12. Bxf6 12... Bxf6 {[%clk 1:15:53]} 13. h4 {[%clk 1:12:07]} 13...
Re8 {[%clk 1:15:36]} 14. g4 {[%clk 1:12:13]} 14... g6 {[%clk 1:13:29]} 15. g5
{[%clk 1:11:52]} 15... Bg7 {[%clk 1:13:51]} 16. h5 {[%clk 1:12:05]} 16... e5
{[%clk 1:13:38]} 17. dxe5 {[%clk 1:11:47]} 17... Bxe5 {[%clk 1:13:57]} 18. Nxe5
{[%clk 1:12:12]} 18... Rxe5 {[%clk 1:14:17]} 19. f4 {[%clk 1:12:07]} 19... Re4
{[%clk 1:14:13]} 20. h6 {[%clk 1:11:48]} 20... Qe7 {[%clk 1:14:22]} 21. Rh3
{[%clk 1:11:59]} 21... Rd8 {[%clk 1:13:53]} 22. Rd1 {[%clk 1:11:14]} 22... c5
{[%clk 1:12:16]} 23. b3 {[%clk 1:11:18]} 23... d4 {[%clk 1:12:38]} 24. c4
{[%clk 1:10:10]} 24... Re8 {[%clk 1:11:02]} 25. Kd2 {[%clk 1:09:50]} 25...
dxe3+ {[%clk 1:11:11]} 26. Ke2 {[%clk 1:09:18]} 26... Rxf4 {[%clk 1:08:32]} 27.
Rxe3 {[%clk 1:09:19]} 27... Qxe3+ {[%clk 1:08:34]} 28. Qxe3 {[%clk 1:09:42]}
28... Rxe3+ {[%clk 1:09:00]} 29. Kxe3 {[%clk 1:10:03]} 29... Rd4 { [%clk
1:09:22]} 30. Rxd4 {[%clk 1:10:20]} 30... cxd4+ {[%clk 1:09:51]} 31. Kxd4
{[%clk 1:10:30]} 31... Kf8 {[%clk 1:10:18]} 32. Kd5 {[%clk 1:10:15]} 32... Ke7
{[%clk 1:10:37]} 33. Ke5 {[%clk 1:10:37]} 33... b6 {[%clk 1:09:46]} 34. b4 {
[%clk 1:10:57]} 34... f5 {[%clk 1:07:05]} 35. gxf6+ {[%clk 1:11:18]} 35... Kf7
{[%clk 1:07:28]} 36. c5 {[%clk 1:11:25]} 36... g5 {[%clk 0:58:23]} 37. c6 {
[%clk 1:10:58]} 1-0

[Event "DEM U10w 2018"]
[Site "Willingen GER"]
[Date "2018.05.21"]
[Round "4"]
[White "Arnold, Rubina"]
[Black "Heuberger, Sandra"]
[Result "1-0"]
[Termination "normal"]
[Board "10"]
[WhiteElo "1133"]
[BlackElo "1132"]
[PlyCount "113"]
[WhiteFideId "16276272"]
[BlackFideId "16232151"]
[EventCountry "GER"]
[EventRounds "11"]
[EventType "swiss"]
[EventDate "2018.05.19"]

1. e4 e5 2. Nf3 Nc6 3. d4 exd4 4. Bc4 Nf6 5. O-O d6 6. h3 Be7 7. Re1 O-O 8.
Nxd4 Re8 9. Nf3 h6 10. Nc3 Be6 11. Bxe6 fxe6 12. e5 dxe5 13. Qxd8 Raxd8 14.
Nxe5 Nxe5 15. Rxe5 Bd6 16. Re2 Bc5 17. Bf4 c6 18. Rae1 Kf7 19. Ne4 Nxe4 20.
Rxe4 Bd6 21. Bxd6 Rxd6 22. f4 b5 23. f5 a5 24. fxe6+ Rexe6 25. Kf2 Rxe4 26.
Rxe4 Rd2+ 27. Re2 Rxe2+ 28. Kxe2 Ke6 29. g4 g5 30. Kd3 Kd5 31. b3 c5 32. c4+
bxc4+ 33. bxc4+ Kc6 34. Ke4 Kd7 35. Kd5 a4 36. a3 Kc7 37. Kxc5 Kc8 38. Kc6 Kb8
39. Kd7 Kb7 40. c5 Ka6 41. c6 Kb5 42. c7 Kc4 43. c8=Q+ Kd3 44. Qc5 Ke4 45. Ke6
Kd3 46. Qf5+ Kc3 47. Qe4 Kb3 48. Qb4+ Kc2 49. Kd5 Kd3 50. Qc4+ Ke3 51. Qc3+ Kf2
52. Ke4 Kg2 53. Qf3+ Kh2 54. Qf1 Kg3 55. Ke3 Kh2 56. Kf2 h5 57. Qg2# 1-0

[Event "DEM U10w 2018"]
[Site "Willingen GER"]
[Date "2018.05.21"]
[Round "4"]
[White "Muhina, Alina"]
[Black "Bako, Evelin"]
[Result "0-1"]
[Termination "normal"]
[Board "11"]
[WhiteElo "948"]
[BlackElo "971"]
[PlyCount "118"]
[WhiteFideId "16298322"]
[BlackFideId "16271823"]
[EventCountry "GER"]
[EventRounds "11"]
[EventType "swiss"]
[EventDate "2018.05.19"]

1. e4 e5 2. Nf3 Nf6 3. Nc3 Nc6 4. d4 Bb4 5. Bd3 exd4 6. e5 dxc3 7. O-O Nd5 8.
Ng5 cxb2 9. Bxb2 Qxg5 10. Bc1 Qe7 11. Qg4 g6 12. Bh6 d6 13. Qf3 Be6 14. Bg7 Rg8
15. Bf6 Nxf6 16. exf6 Qd7 17. Bb5 a6 18. Bxc6 Qxc6 19. Qe3 Bc5 20. Qe2 Kd8 21.
Rab1 Bd5 22. Rfe1 Bxg2 23. Qe7+ Kc8 24. Qxf7 Rh8 25. Qg7 Rd8 26. f7 Bh1 27. Kf1
Qg2+ 28. Ke2 d5 29. Kd2 Bf8 30. Qxf8 Qxf2+ 31. Kc3 d4+ 32. Kb4 a5+ 33. Ka3 Qf3+
34. c3 Qxc3+ 35. Rb3 Kd7 36. Qe7+ Kc6 37. Re6+ Kd5 38. Re5+ Kc6 39. Qe6+ Rd6
40. Qe8+ Rxe8 41. fxe8=Q+ Rd7 42. Re6+ Kc5 43. Re5+ Rd5 44. Qb5+ Kd6 45. Qxb7
Qc5+ 46. Kb2 Rxe5 47. Qa6+ c6 48. Qa8 Re2+ 49. Kb1 Be4+ 50. Ka1 Re1+ 51. Kb2
Qc2+ 52. Ka3 Bd5 53. Qd8+ Kc5 54. Qb6+ Kd6 55. Qxa5 Bxb3 56. axb3 Ra1+ 57. Kb4
Rxa5 58. Kxa5 Qxb3 59. h4 Qb5# 0-1

[Event "DEM U10w 2018"]
[Site "Willingen GER"]
[Date "2018.05.21"]
[Round "4"]
[White "Schupfer, Victoria"]
[Black "Englert, Lin"]
[Result "0-1"]
[Termination "normal"]
[Board "12"]
[WhiteElo "958"]
[BlackElo "1316"]
[PlyCount "122"]
[BlackFideId "16226410"]
[EventCountry "GER"]
[EventRounds "11"]
[EventType "swiss"]
[EventDate "2018.05.19"]

1. e4 e5 2. Nf3 Nc6 3. Bc4 Bc5 4. d3 Nf6 5. Nc3 d6 6. h3 h6 7. Be3 Bb4 8. Bd2
Be6 9. Nd5 Bxd2+ 10. Qxd2 O-O 11. O-O a6 12. c3 Na5 13. Bb3 Nxb3 14. axb3 Nxd5
15. exd5 Bxd5 16. Qe3 Qf6 17. Nd2 Qg6 18. Ne4 Bxe4 19. dxe4 Qe6 20. b4 f5 21.
f3 Rf6 22. b5 a5 23. b4 a4 24. c4 Qxc4 25. Rac1 Qxb5 26. Qa3 c6 27. Qa2+ Kh8
28. Qd2 Qb6+ 29. Kh1 Qd4 30. Qxd4 exd4 31. Rfd1 fxe4 32. fxe4 Re6 33. Rxd4 Rae8
34. Re1 d5 35. e5 Rxe5 36. Rxe5 Rxe5 37. Rf4 Re4 38. Rf8+ Kh7 39. Ra8 Rxb4 40.
Ra7 Rb1+ 41. Kh2 Ra1 42. g4 a3 43. Rxb7 a2 44. Rc7 Rc1 45. Ra7 a1=Q 46. Rxa1
Rxa1 47. Kg2 Kg6 48. Kf3 Kf6 49. Ke3 Ke5 50. h4 d4+ 51. Kd3 Ra3+ 52. Ke2 Ke4
53. g5 Ra2+ 54. Kf1 Kf3 55. Ke1 d3 56. gxh6 gxh6 57. h5 Ke3 58. Kf1 Rb2 59. Kg1
Kf3 60. Kh1 Kg3 61. Kg1 Rb1# 0-1

[Event "DEM U10w 2018"]
[Site "Willingen GER"]
[Date "2018.05.21"]
[Round "4"]
[White "Hoffmann, Sophia"]
[Black "Fischer, Juliane"]
[Result "1-0"]
[Termination "normal"]
[Board "13"]
[WhiteElo "1072"]
[BlackElo "929"]
[PlyCount "71"]
[WhiteFideId "16259130"]
[BlackFideId "16290135"]
[EventCountry "GER"]
[EventRounds "11"]
[EventType "swiss"]
[EventDate "2018.05.19"]

1. d4 d5 2. Nc3 Nf6 3. Bf4 Bf5 4. f3 e6 5. g4 Bg6 6. h4 h6 7. e3 a6 8. Bd3 Bxd3
9. Qxd3 c5 10. dxc5 Bxc5 11. Na4 Nbd7 12. Nxc5 Nxc5 13. Qc3 Na4 14. Qb4 b5 15.
O-O-O Qc7 16. Bxc7 Rc8 17. Be5 Rc4 18. Qd2 O-O 19. b3 Rc5 20. bxa4 bxa4 21. Bd6
Nd7 22. Bxf8 Kxf8 23. g5 h5 24. Nh3 Ne5 25. Qb4 Nd7 26. Rd3 Kg8 27. Rc3 Rxc3
28. Qxc3 Nb6 29. Nf4 Nd7 30. Nxh5 f6 31. Qc8+ Kf7 32. Qxd7+ Kg6 33. Nf4+ Kh7
34. Nxe6 Kg6 35. h5+ Kf5 36. Qxd5# 1-0

[Event "DEM U10w 2018"]
[Site "Willingen GER"]
[Date "2018.05.21"]
[Round "4"]
[White "Klonov, Sofia"]
[Black "Hengst, Sarah"]
[Result "1-0"]
[Termination "normal"]
[Board "14"]
[WhiteElo "1028"]
[BlackElo "878"]
[PlyCount "69"]
[WhiteFideId "16226240"]
[BlackFideId "16286030"]
[EventCountry "GER"]
[EventRounds "11"]
[EventType "swiss"]
[EventDate "2018.05.19"]

1. e4 e5 2. Nf3 Nc6 3. Bc4 Nf6 4. Ng5 d5 5. exd5 Nxd5 6. d4 Nxd4 7. c3 c5 8.
cxd4 cxd4 9. Bb5+ Bd7 10. Qa4 Bb4+ 11. Bd2 O-O 12. Bxb4 Nxb4 13. Bxd7 Qc7 14.
Kd2 Qc4 15. Qb3 Qxb3 16. axb3 Rad8 17. Bg4 Rd5 18. Bf3 Rc5 19. Rc1 Nd3 20. Rxc5
Nxc5 21. Bd5 Rd8 22. Bxf7+ Kf8 23. Ne6+ Nxe6 24. Bxe6 Re8 25. Bc4 Rc8 26. Rxa7
b5 27. Bxb5 e4 28. Bd7 Rb8 29. Be6 Rb6 30. Bd5 Rb4 31. Bxe4 Rxb3 32. Kc2 Rb4
33. h3 Rb6 34. Ra4 Rc6+ 35. Bxc6 1-0

[Event "DEM U10w 2018"]
[Site "Willingen GER"]
[Date "2018.05.21"]
[Round "4"]
[White "Bone, Annalena"]
[Black "Chassard, Cecilia"]
[Result "0-1"]
[Termination "normal"]
[Board "16"]
[WhiteElo "990"]
[BlackElo "821"]
[PlyCount "70"]
[WhiteFideId "16284453"]
[BlackFideId "16271831"]
[EventCountry "GER"]
[EventRounds "11"]
[EventType "swiss"]
[EventDate "2018.05.19"]

1. e4 e5 2. Nf3 Nc6 3. Bc4 Bc5 4. d3 Nf6 5. Nc3 d6 6. h3 Be6 7. Bb3 h6 8. Be3
Bb6 9. O-O O-O 10. Re1 Qd7 11. Bxe6 fxe6 12. Qd2 d5 13. exd5 exd5 14. Nh4 d4
15. Bxh6 dxc3 16. bxc3 Rf7 17. Ng6 Qf5 18. Nh4 Qh5 19. Nf3 gxh6 20. d4 Rg7 21.
dxe5 Qxf3 22. g3 Nh5 23. Kh2 Nxg3 24. Rg1 Rf7 25. Rg2 Bxf2 26. e6 Rf6 27. Rf1
Be3 28. Qe1 Qxf1 29. Qxg3+ Bg5 30. Qh4 Kf8 31. Qh5 Bf4+ 32. Rg3 Qf2+ 33. Kh1
Bxg3 34. Qf7+ Rxf7 35. exf7 Qh2# 0-1

[Event "DEM U10w 2018"]
[Site "Willingen GER"]
[Date "2018.05.21"]
[Round "4"]
[White "Tobias, Franziska Ylvi"]
[Black "Bangiev, Katharina"]
[Result "0-1"]
[Termination "normal"]
[Board "17"]
[WhiteElo "909"]
[BlackElo "1009"]
[PlyCount "50"]
[WhiteFideId "16272404"]
[BlackFideId "16267230"]
[EventCountry "GER"]
[EventRounds "11"]
[EventType "swiss"]
[EventDate "2018.05.19"]

1. e4 e5 2. Nf3 Nc6 3. Bb5 a6 4. Bxc6 dxc6 5. O-O Nf6 6. d3 Bd6 7. Nbd2 Be6 8.
Nc4 h6 9. Be3 Bxc4 10. dxc4 Nxe4 11. Nxe5 Bxe5 12. Qh5 Qe7 13. Rfe1 Nf6 14. Qe2
O-O 15. c5 Qd7 16. Red1 Qf5 17. Bd4 Bxd4 18. Rxd4 Rad8 19. Rb4 Qxc5 20. Qg4
Nxg4 21. Rxg4 Rd7 22. Re4 Rfd8 23. Rae1 Rd2 24. h3 Qxf2+ 25. Kh1 Qxg2# 0-1